00642nam a2200181 a 450000100100000000500170001000800410002704000250006804100130009311000570010624500530016324600280021626000490024430000360029304900090032995201050033899900170044300003009020220823125740.0110405s1951 dr a 000 0 spa d aDO-SdBNPbspacBNPHU17aspa2eng2 aBanco de Reservas de la República Dominicana9628510aInforme anual 1951 =bAnnual report year 1951 /.10aAnnual report year 1951 cSanto Domingo :bBanco de Reservas,c[1951]. a14 p. :bil., gráf. ;c28 cm. aBNPD 0010718PDaPDbPDcCTd2011-04-29iLF1l0o p30090-10r2020-06-25w2020-06-25yLFPDZNo se presta c29582d29582